Optimal design of water distribution networks

In case of water distribution networks, engineers are concerned with two aspects: Analysis of networks for operational purposes, and as an intermediate step in design by the traditional trial-and-error apporoach; and economical design of new networks, and strengthening and expansion of existing ones...

Descrición completa

Gardado en:
Detalles Bibliográficos
Autor Principal: Bhave, P ramod R.
Formato: Libro
Idioma:Undetermined
Publicado: Pangbourne Alpha Science International 2003
Những chủ đề:
Các nhãn: Engadir etiqueta
Sen Etiquetas, Sexa o primeiro en etiquetar este rexistro!
Thư viện lưu trữ: Trung tâm Học liệu Trường Đại học Cần Thơ
LEADER 01061nam a2200217Ia 4500
001 CTU_132439
008 210402s9999 xx 000 0 und d
020 |c 1082000 
082 |a 623.8205 
082 |b B575 
100 |a Bhave, P ramod R. 
245 0 |a Optimal design of water distribution networks 
245 0 |c Pramod R. Bhave 
260 |a Pangbourne 
260 |b Alpha Science International 
260 |c 2003 
520 |a In case of water distribution networks, engineers are concerned with two aspects: Analysis of networks for operational purposes, and as an intermediate step in design by the traditional trial-and-error apporoach; and economical design of new networks, and strengthening and expansion of existing ones. 
650 |a Remote submersibles,Soft computing,Underwater exploration,Phần mềm máy tính,Thăm dò nguồn nước 
650 |x Industrial applications,Công nghệ ứng dụng,Quốc hội,Quốc hội 
904 |i Tuyến 
980 |a Trung tâm Học liệu Trường Đại học Cần Thơ